Restrictions and Criticism of Circular Economy

Príspevok sa zameriava na obmedzenia a kritické perspektívy venované obehovému hospodárstvu a modelom v obehovom hospodárstve podnikov. Zahŕňa názory, že obehové hospodárstvo je postavené na nejasných základoch a má obmedzené limity. Implementácia obehového hospodárstva naráža na štrukturálne prekáž...

Description complète

Enregistré dans:
Détails bibliographiques
Auteur principal: Kufelová, Iveta, 1970-
Format: Chapitre de livre
Langue:anglais
Sujets:
Tags: Ajouter un tag
Pas de tags, Soyez le premier à ajouter un tag!

MARC

LEADER 00000naa$a2200000$$$4500
001 0305071
005 20241114090209.1
041 0 |a eng 
044 |a SK 
245 1 0 |a Restrictions and Criticism of Circular Economy  |c Iveta Kufelová 
520 |a Príspevok sa zameriava na obmedzenia a kritické perspektívy venované obehovému hospodárstvu a modelom v obehovom hospodárstve podnikov. Zahŕňa názory, že obehové hospodárstvo je postavené na nejasných základoch a má obmedzené limity. Implementácia obehového hospodárstva naráža na štrukturálne prekážky založené na technických a ekonomických podmienkach, ktoré môžu viesť k neistým výsledkom a účinkom na udržateľnosť a udržateľný rast. Viacerí kritici poukazujú na to, že sľuby obehového hospodárstva sa nemusia naplniť v takej miere, v akej sú zdôrazňované. 
610 2 0 |a hospodárstvo obehové 
610 2 0 |a ekonomika 
610 2 0 |a kritika 
610 2 0 |a podnik 
610 2 0 |a modely 
100 1 |a Kufelová, Iveta, 1970-